000 01002nam2a2200253 4500
001 RU\NLR\BIBL_A\012440124
005 20210226174447.0
010 _a978-5-4477-3377-3
_980
021 _aRU
_bКН-П-20-057110
_9КН-П-20-4261
035 _a(NLR Aleph) 012440124
090 _a11921238
_c11921238
100 _a20210125d2020 u y0rusy50 ca
101 0 _arus
102 _aRU
105 _ay|||z|||000zy
200 0 _aЧ. 7
210 _d2020
215 _a152, [7] с.
461 0 _1001RU\NLR\BIBL_A\011333050
_12001#$aАфоризмы и рассказы$fМихаил Туллер$g[Проза.ру]$vЧ. 7
_1700#1$aТуллер$bМ. Я.$f1938-$gМихаил Яковлевич
_911145491
_aТуллер, М. Я. (1938-)
_cМосква
_d2017
_fМихаил Туллер
_nИзд-во Российского союза писателей
_tАфоризмы и рассказы
_vЧ. 7
942 _cBOOK
980 _aNBR
980 _aNB